Udabāʼ al-sujūn (Record no. 47732)

MARC details
000 -LEADER
fixed length control field 00749cam a22002531 4500
001 - CONTROL NUMBER
control field ne 64003458
003 - CONTROL NUMBER IDENTIFIER
control field DLC
005 - DATE AND TIME OF LATEST TRANSACTION
control field 20260227111808.0
008 - FIXED-LENGTH DATA ELEMENTS--GENERAL INFORMATION
fixed length control field 870420s1963 le 000 0 arar
010 ## - LIBRARY OF CONGRESS CONTROL NUMBER
LC control number ne 64003458
025 ## - OVERSEAS ACQUISITION NUMBER
Overseas acquisition number PL480:UAR-4857
035 ## - SYSTEM CONTROL NUMBER
System control number (OCoLC)15554752
040 ## - CATALOGING SOURCE
Original cataloging agency DLC
Transcribing agency WaU
Modifying agency DLC
042 ## - AUTHENTICATION CODE
Authentication code premarc
043 ## - GEOGRAPHIC AREA CODE
Geographic area code f-ua---
050 00 - LIBRARY OF CONGRESS CALL NUMBER
Classification number PJ7521
Item number .H3
100 1# - MAIN ENTRY--PERSONAL NAME
Personal name Ḥalafī, ʻAbd al-ʻAzīz.
245 10 - TITLE STATEMENT
Title Udabāʼ al-sujūn
Statement of responsibility, etc. [taʼlīf] ʻAbd al-ʻAzīz alḤalafī.
260 ## - PUBLICATION, DISTRIBUTION, ETC.
Place of publication, distribution, etc. [Bayrūt]
Name of publisher, distributor, etc. Dār al-Kātib al-ʻArabī,
Date of publication, distribution, etc. 1963.
300 ## - PHYSICAL DESCRIPTION
Extent 224 p.
Dimensions 20 cm.
650 #0 - SUBJECT ADDED ENTRY--TOPICAL TERM
Topical term or geographic name entry element Prisoners as authors.
650 #0 - SUBJECT ADDED ENTRY--TOPICAL TERM
Topical term or geographic name entry element Arabic literature
General subdivision History and criticism.
650 #0 - SUBJECT ADDED ENTRY--TOPICAL TERM
Topical term or geographic name entry element Prisoners
Geographic subdivision Arab countries
General subdivision Intellectual life.

No items available.

Powered by Koha